Quizzes
Events
Quiz Creation
Community
Videos
Private Events
Remove Ads
Sign In
Join for FREE
Feedback
Dark Mode
Quiz Categories
Sports
Geography
Music
Movies
Television
Just For Fun
Miscellaneous
History
Literature
Language
Science
Gaming
Entertainment
Religion
Holiday
For Kids
Quiz Lab
Recent
Popular Today
Quiz Kudos Today
Editor Picks
Curator Picks
Quizzes by...
Day
Popularity
Type
Ratings
Length
Year
Community
Subscriptions
Recent Discussions
Orange Saloon
Badges
Playlists
Quests
Create
Leaderboards
Showdown
Live 5
Trivia Bingo
Activity
Puzzle Library
Sporcle Events
Private Events
Virtual Trivia
Globe League
Become a Host
Pub Owners
SporcleCon
Opinionation
Our Games
Videos
Blog
Mobile Apps
Partnerships
Remove Ads and Go Orange
Feedback
Music
Pop Music
The Beatles
Song
Album
Lyrics
Bands
Singers
Artist
Clip
Rock
Rap
Classical
Billboard
Country Music
Kpop
Taylor Swift
Music
Pop Music
The Beatles
Song
Album
Lyrics
Bands
Singers
Artist
Clip
Rock
Rap
Classical
Billboard
Country Music
Kpop
Taylor Swift
Random Quiz
Search Sporcle
×
Quiz Lab
Quiz Lab
Music
Album
Type in answers that appear in a list
Type in answers that appear in a list
Classic
Best Score? Go Orange.
Pazz and Jop Village Voice Album of the Year Stats
Can you name the Pazz and Jop Village Voice albums of the year?
By
CrabbyAbby11
10m
41 Questions
96 Plays
96 Plays
96 Plays
Comments
Comments
Give Quiz Kudos
Give Quiz Kudos
-
- Ratings
hide this ad
Replay
Link that replays current quiz
Next Quiz
Link to next quiz in quiz playlist
You Got
0%
They Got
Avg Score
62%
Avg Friend Score
Upgrade to see
Score Distribution
Jump to the score distribution portion of the page
Score
0/41
Timer
10:00
0
Plays Today
Year
Album
% Correct
1991
Nevermind
94.8%
1971
Who's Next
93.8%
1980
London Calling
90.6%
1983
Thriller
89.6%
1984
Born in the U.S.A.
86.5%
1986
Graceland
84.4%
1996
Odelay
84.4%
2002
Yankee Hotel Foxtrot
83.3%
1976
Songs in the Key of Life
82.3%
1977
Never Mind the Bollocks, Here's the Sex Pistols
82.3%
1988
It Takes a Nation of Millions to Hold Us Back
80.2%
1987
Sign o' the Times
79.2%
2004
The College Dropout
78.1%
2000
Stankonia
75%
1989
3 Feet High and Rising
71.9%
1993
Exile in Guyville
71.9%
2010
My Beautiful Dark Twisted Fantasy
66.7%
1978
This Year's Model
65.6%
1981
Sandinista!
64.6%
2005
Late Registration
64.6%
1974
Court and Spark
62.5%
Year
Album
% Correct
2003
Speakerboxxx/The Love Below
62.5%
2013
Yeezus
62.5%
2012
Channel Orange
61.8%
2006
Modern Times
61.5%
1975
The Basement Tapes
60.4%
1999
Play
60.4%
2007
Sound of Silver
60.4%
1997
Time Out of Mind
59.4%
1994
Live Through This
57.3%
2001
Love and Theft
53.1%
2008
Dear Science
52.1%
2009
Merriweather Post Pavilion
49%
1982
Imperial Bedroom
47.9%
1998
Car Wheels on a Gravel Road
44.8%
1985
Little Creatures
39.6%
2011
w h o k i l l
38.7%
1995
To Bring You My Love
30.2%
1990
Ragged Glory
29.2%
1979
Squeezing Out Sparks
21.9%
1992
3 Years, 5 Months and 2 Days in the Life of...
12.5%
Quiz Playlist
Details
Report
Send in Message
Add To Playlist
Classic:
Type in answers that appear in a list
Quiz Source
Last Updated: Feb 16, 2017
Quiz Scoreboard
CHALLENGE
Sign Up to Join the Scoreboard
Show All
Scores
Hide
Comments
May contain spoilers
Recently Published
College Basketball Coaching Resumes
by pancakes188
Sports
9m
Billboard Blitz: Fleetwood Mac
by CooCooCachoo
Music
15s
Presidents Visiting Landmarks
by Hejman
History
7m
More to Explore
Quiz From the Vault
Featured Blog Post
Where Did the Easter Bunny Come From?
hide this ad
You Might Also Like...
Tags
Album Quiz
Artist Quiz
jop
Pazz
Village
Voice
Today's Top Quizzes in Music
Browse Music
hide this ad
Today's Top Quizzes in Album
Browse Album
Top Contributed Quizzes in Music
1
Taylor Swift All Songs (2024)
2
7-to-1: Billboard Hot 100 #1 Hits of 2010s
3
Guess the Artist- 70s Songs
4
Sorting Albums and Songs
5
Taylor Swift Logic Puzzle
6
KPOP LOGIC QUIZ
7
Guess the Taylor Swift song (Mystery Song)
8
2010s Album by Cover III
9
One Thing in Common: Music
10
Guess The Taylor Swift Lyrics Song #1
Explore More
Trending Topics
NBA
Disney
Crossword
Kpop
Anime
Harry Potter
Marvel
Puzzle
Country
The Office
WWE
Song
Pokémon
Soccer
NFL
hide this ad
More By:
CrabbyAbby11
Quiz
Plays
Rating
Category
Featured
Created
Presidential Losers: 1900-2012
319
3.67
History
Jul 4, 2011
Top-Selling Candy
177
4.00
Miscellaneous
May 21, 2013
NBC Must-See TV
174
4.00
Entertainment
Jul 4, 2011
Best Actor by Character
139
3.50
Movies
Jan 28, 2012
Works of Political Thought
133
5.00
History
Nov 10, 2011
Go to Creator's Profile
Score Distribution
Quiz Creator Spotlight
CrabbyAbby11
Follow
Send a Message
Quizzes Created
-
Created Quiz Play Count
-
More By This Creator
Popular Quizzes Today
1
Find the US States - No Outlines Minefield
2
Find the Countries of Europe - No Outlines Minefield
3
The Countries of the World
4
Find the US States
5
Risky Map Clicking: Biggest States A-Z
6
US States
7
Popular People in 1961
8
Movies - When Are They Set?
More Music Quizzes
One Direction Album Sorting VIII
Quiz Lab
Trending Quizzes
Risky Map Clicking: Least Populous States A-Z
1-10 Letter G Words
1-10 Letter F Words
Risky Map Clicking: Next State Alphabetically
Risky Map Clicking: Biggest States A-Z
Recently Updated
Leaping Animals
pecheneg
Reality TV Shows (A-Z)
bhenderson79
Rickey Henderson's Hall of Fame Teammates
pecheneg
Champions League XIs: Arsenal
pecheneg
Quick Pick: Celebrities in WWE's Hall of Fame
aduchscher
A-Z Keypad Blitz II
pecheneg
Multiple Oscar Actors
pecheneg
Mystery Phrase Blitz: Oscar 'Best Actors'
pecheneg
F. Scott Fitzgerald Novels
LTH
Pick 3 Villains
ddd62291
Trending Topics
NBA
Kpop
Crossword
Marvel
Disney
Harry Potter
Anime
NFL
Puzzle
Country
Song
WWE
The Office
Pokémon
Soccer
Your Account Isn't Verified!
In order to create a playlist on Sporcle, you need to verify the email address you used during registration. Go to your
Sporcle Settings
to finish the process.
Report this User
Report this user for behavior that violates our
Community Guidelines
.
Details:
Send Report
Go to the Sporcle.com Mobile Site →
Comments